01113cam a2200301 i 4500003000900000005001700009007000300026008004100029020001500070040003100085082001300116100004800129245007500177264005000252300002600302336002700328337003300355338002800388490003000416490004200446590002700488650002800515650003100543910001400574942001400588952019200602999001700794DO-SdBNP20240625133400.0ta240625s1986 mx 000 f spa d a9682313899 aDO-SdBNPcspadBNPHU erda bR1732221 aRamírez Sáiz, Juan Manuel947592eautor13aEl movimiento urbano popular en México /cJuan Manuel Ramírez Saiz 1aMéxico :bSiglo veintiuno editores, c1986. a234 páginasc18 cm. 2rdacontentatextobtxt 2rdamediaasin mediaciónbn 2rdacarrieravolumenbnc1 aActualidad y perspectivas1 aInstituto de Investigaciones Sociales aInventariado, 2024/ YL 4aNovela española91123 4aLiteratura española9632 aYLockward 2ddccLBS1 00102ddc56708GRaBNPHUbBNPHUcCTd2014-06-02eDonación l0oR173p2024-3721r2024-06-25w2024-06-25yLBS1zPerteneció a la biblioteca personal de Chiqui Vicioso/Fidelio Despradel c56979d56979